Տառապանքներով լեցուն կյանքիս մասին : (Record no. 526561)
[ view plain ]
| 000 -LEADER | |
|---|---|
| fixed length control field | 01041nam a2200253 u 4500 |
| 001 - CONTROL NUMBER | |
| control field | 1871238 |
| 003 - CONTROL NUMBER IDENTIFIER | |
| control field | AM-YEHGA |
| 005 - DATE AND TIME OF LATEST TRANSACTION | |
| control field | 20260413112430.0 |
| 008 - FIXED-LENGTH DATA ELEMENTS--GENERAL INFORMATION | |
| fixed length control field | 221121s2022 ai ||||gr|||||||||0|arm|d |
| 020 ## - INTERNATIONAL STANDARD BOOK NUMBER | |
| International Standard Book Number | 9789939892214 |
| 040 ## - CATALOGING SOURCE | |
| Original cataloging agency | AM-YeHGA |
| 041 0# - LANGUAGE CODE | |
| Language code of text/sound track or separate title | arm |
| 090 ## - LOCALLY ASSIGNED LC-TYPE CALL NUMBER (OCLC); LOCAL CALL NUMBER (RLIN) | |
| -- | 564168 |
| 100 1# - MAIN ENTRY--PERSONAL NAME | |
| Personal name | Հակոբյան, Պարույր Սիրեկանի |
| 245 10 - TITLE STATEMENT | |
| Title | Տառապանքներով լեցուն կյանքիս մասին : |
| Remainder of title | Հուշեր / |
| Statement of responsibility, etc. | Պ.Ս. Հակոբյան ; ՀՀ ԳԱԱ, Պատմության ինստիտուտ. |
| 260 ## - PUBLICATION, DISTRIBUTION, ETC. | |
| Place of publication, distribution, etc. | Երևան : |
| Name of publisher, distributor, etc. | Ա. հ., |
| Date of publication, distribution, etc. | 2022- |
| 300 ## - PHYSICAL DESCRIPTION | |
| Extent | մաս ; |
| Dimensions | 20 սմ. |
| 490 0# - SERIES STATEMENT | |
| Series statement | Մեսրոպ արք. Աշճեան ; |
| Volume/sequential designation | 229. |
| 505 00 - FORMATTED CONTENTS NOTE | |
| Miscellaneous information | Մ. 1 (2022; 248 էջ) ; |
| -- | Մ. 2 (2023; 230 էջ) |
| 650 14 - SUBJECT ADDED ENTRY--TOPICAL TERM | |
| Topical term or geographic name entry element | Հայ հուշագրություն |
| 9 (RLIN) | 5766 |
| 650 14 - SUBJECT ADDED ENTRY--TOPICAL TERM | |
| Topical term or geographic name entry element | Ազգագրություն |
| Geographic subdivision | Հայաստան |
| 710 2# - ADDED ENTRY--CORPORATE NAME | |
| Corporate name or jurisdiction name as entry element | Հայաստանի Հանրապետության գիտությունների ազգային ակադեմիա : |
| Subordinate unit | Պատմության ինստիտուտ |
| 942 ## - ADDED ENTRY ELEMENTS (KOHA) | |
| Source of classification or shelving scheme | Other/Generic Classification Scheme |
| Koha item type | Գրքեր / Books |
| Koha issues (borrowed), all copies | 1 |
| Withdrawn status | Lost status | Source of classification or shelving scheme | Damaged status | Not for loan | Collection | Home library | Current library | Date acquired | Serial enumeration / chronology | Total checkouts | Full call number | Barcode | Date due | Date last seen | Date last checked out | Price effective from | Koha item type | Public note |
|---|---|---|---|---|---|---|---|---|---|---|---|---|---|---|---|---|---|---|
| Universal Decimal Classification | General | Fundamental Scientific Library | Fundamental Scientific Library | 05/12/2022 | Մ. 1 | 1 | AII/109059 | FL0677676 | 13/05/2026 | 13/04/2026 | 13/04/2026 | 05/12/2022 | Գրքեր / Books | 30 Days Loan | ||||
| Universal Decimal Classification | General | Fundamental Scientific Library | Fundamental Scientific Library | 05/12/2022 | Մ. 1 | AII/109060 | FL0677677 | 05/12/2022 | 05/12/2022 | Գրքեր / Books | 30 Days Loan | |||||||
| Universal Decimal Classification | General | Fundamental Scientific Library | Fundamental Scientific Library | 14/12/2022 | Մ. 1 | AII/109070 | FL0677732 | 14/12/2022 | 14/12/2022 | Գրքեր / Books | 30 Days Loan | |||||||
| Universal Decimal Classification | General | Fundamental Scientific Library | Fundamental Scientific Library | 10/05/2023 | Մ. 1 | AII/110146 | FL0672256 | 10/05/2023 | 10/05/2023 | Գրքեր / Books | 30 Days Loan | |||||||
| Universal Decimal Classification | General | Fundamental Scientific Library | Fundamental Scientific Library | 17/10/2023 | Մ. 1 | AII/110768 | FL0667949 | 17/10/2023 | 17/10/2023 | Գրքեր / Books | 30 Days Loan | |||||||
| Universal Decimal Classification | General | Fundamental Scientific Library | Fundamental Scientific Library | 17/10/2023 | Մ. 2 | AII/110769 | FL0667950 | 17/10/2023 | 17/10/2023 | Գրքեր / Books | 30 Days Loan |
ՀՀ Գիտությունների ազգային ակադեմիայի հիմնարար գիտական գրադարան = Fundamental Scientific Library of NAS RA
All site content, except where otherwise noted, is licensed under a